[Event "13th Rochefort Tournament - Masters 2014"]
[Site "Palais des Congres Rochefort"]
[Date "2014.02.22"]
[Round "9.4"]
[White "Solodovnichenko, Yuri"]
[Black "Santiago, Yago De Moura"]
[Result "1-0"]
[WhiteElo "2586"]
[BlackElo "2451"]
[PlyCount "105"]

1. e4 e6 2. d4 d5 3. Nc3 Nf6 4. e5 Nfd7 5. f4 c5 6. Nf3 Nc6 7. Be3 a6 8. Qd2
Be7 9. Be2 b5 10. a3 Qc7 11. O-O O-O 12. dxc5 Nxc5 13. Nd4 Bb7 14. Rae1 Ne4 15.
Nxe4 dxe4 16. c3 Rfd8 17. Rd1 Rac8 18. Qe1 Bc5 19. Qf2 Bxd4 20. Bxd4 Nxd4 21.
Rxd4 Rxd4 22. Qxd4 Rd8 23. Qe3 Rd7 24. Rc1 Qd8 25. c4 bxc4 26. Rxc4 h6 27. b4
Rd2 28. h3 Qd5 29. Kh2 Rd3 30. Qc5 Rxa3 31. Rc3 Ra2 32. Bc4 Rxg2+ 33. Kxg2 Qd2+
34. Be2 Qxe2+ 35. Kg3 Qe1+ 36. Kh2 Qd2+ 37. Kg3 Bd5 38. Qe3 Qb2 39. Rc8+ Kh7
40. Rc7 Kg8 41. Rc8+ Kh7 42. Rf8 Kg6 43. h4 Qxb4 44. h5+ Kh7 45. Rxf7 Qb1 46.
Rd7 Qd3 47. Qxd3 exd3 48. Kf2 d2 49. Ke2 Kg8 50. Kxd2 Bf3 51. f5 exf5 52. e6
Kf8 53. Ke3 1-0

[Event "13th Rochefort Tournament - Masters 2014"]
[Site "Palais des Congres Rochefort"]
[Date "2014.02.22"]
[Round "9.5"]
[White "Lagarde, Maxime"]
[Black "Demuth, Adrien"]
[Result "1-0"]
[WhiteElo "2514"]
[BlackElo "2478"]
[PlyCount "79"]

1. e4 e5 2. Nf3 Nc6 3. Bc4 Nf6 4. d3 Bc5 5. O-O O-O 6. Nbd2 d6 7. c3 a6 8. Bb3
Ba7 9. h3 Ne7 10. Re1 Ng6 11. Nf1 c6 12. Ng3 Be6 13. d4 Re8 14. Bc2 h6 15. Be3
Nh7 16. Nf5 Qc7 17. Qd2 f6 18. h4 Rad8 19. c4 exd4 20. N3xd4 Bxd4 21. Qxd4 c5
22. Qc3 Qc6 23. Bxh6 Bxf5 24. exf5 Nxh4 25. Qg3 Qxg2+ 26. Qxg2 Nxg2 27. Kxg2
gxh6 28. Be4 Kg7 29. Bxb7 h5 30. f4 Rb8 31. Rxe8 Rxe8 32. Kf3 Rb8 33. Rg1+ Kh8
34. Bd5 Nf8 35. b3 a5 36. Bf7 Kh7 37. Ke4 Kh6 38. Bd5 Rb6 39. Rg8 h4 40. Rxf8
1-0

[Event "13th Rochefort Tournament - Masters 2014"]
[Site "Palais des Congres Rochefort"]
[Date "2014.02.22"]
[Round "9.6"]
[White "Vishnu Prasanna. V"]
[Black "Constantinou, Peter"]
[Result "1-0"]
[WhiteElo "2468"]
[BlackElo "2270"]
[PlyCount "52"]

1. d4 d5 2. c4 c6 3. Nf3 Nf6 4. Nc3 a6 5. c5 Bf5 6. Qb3 Qc8 7. Ne5 Nbd7 8. Na4
Ra7 9. Nf3 Ne4 10. Bf4 f6 11. Rc1 Qd8 12. a3 e5 13. dxe5 Ndxc5 14. Nxc5 Bxc5
15. Rxc5 Nxc5 16. Qe3 b6 17. exf6+ Be4 18. fxg7 Rg8 19. Nd4 Qf6 20. f3 Rgxg7
21. b4 Rae7 22. bxc5 bxc5 23. Nxc6 Qxc6 24. fxe4 Rxe4 25. Qf3 Qf6 26. g3 Qd4
1-0

[Event "13th Rochefort Tournament - Masters 2014"]
[Site "Palais des Congres Rochefort"]
[Date "2014.02.22"]
[Round "9.7"]
[White "Loiseau, Quentin"]
[Black "Saada, Julien"]
[Result "1/2-1/2"]
[WhiteElo "2394"]
[BlackElo "2355"]
[PlyCount "28"]

1. d4 d5 2. c4 e6 3. Nf3 Nf6 4. Bg5 c6 5. e3 Nbd7 6. a3 Be7 7. Nc3 h6 8. Bh4
O-O 9. Qc2 b6 10. cxd5 cxd5 11. Bd3 Bb7 12. O-O Rc8 13. Qb1 a6 14. Rc1 Re8
1/2-1/2

[Event "13th Rochefort Tournament - Masters 2014"]
[Site "Palais des Congres Rochefort"]
[Date "2014.02.22"]
[Round "9.8"]
[White "Lalic, Bogdan"]
[Black "Panbukchian, Valentin"]
[Result "1-0"]
[WhiteElo "2489"]
[BlackElo "2309"]
[PlyCount "107"]

1. d4 f5 2. Bg5 g6 3. Nc3 d5 4. e3 Nh6 5. Nf3 c6 6. Bd3 Nd7 7. Ne2 Nf7 8. Bf4
Bg7 9. c4 e6 10. O-O O-O 11. Rc1 a5 12. Nc3 Kh8 13. cxd5 exd5 14. a3 Qe7 15.
Na4 Rg8 16. Bg3 Bf6 17. Bc7 b5 18. Nb6 Nxb6 19. Bxb6 Bd7 20. a4 Qe6 21. b3 h5
22. Qd2 bxa4 23. bxa4 g5 24. Qc3 h4 25. Nd2 g4 26. Nb3 Be8 27. Nc5 Qc8 28. Bxa5
Ng5 29. Kh1 Ne4 30. Qe1 Bh5 31. Be2 f4 32. Nxe4 dxe4 33. exf4 Qd7 34. Bc4 Rge8
35. Bc3 Qf5 36. d5 cxd5 37. Bxd5 Rad8 38. Bxf6+ Qxf6 39. Bc6 Re6 40. Qa5 Bg6
41. Bb7 Kh7 42. Bc8 Red6 43. Bxg4 Qxf4 44. h3 Kh6 45. Qc7 Qf8 46. f4 Re8 47. f5
Bf7 48. Qc5 Rd3 49. Qf2 Rg3 50. Qf4+ Kh7 51. Rc7 Re7 52. Rxe7 Qxe7 53. f6 Qd8
54. Bf5+ 1-0

[Event "13th Rochefort Tournament - Masters 2014"]
[Site "Palais des Congres Rochefort"]
[Date "2014.02.22"]
[Round "9.9"]
[White "Marzolf, Bruno"]
[Black "Antoli Royo, Joaquin Miguel"]
[Result "0-1"]
[WhiteElo "2221"]
[BlackElo "2413"]
[PlyCount "61"]

1. e4 c5 2. Nf3 d6 3. Bb5+ Nd7 4. d4 cxd4 5. Qxd4 e5 6. Qd3 h6 7. Nc3 Ngf6 8.
Be3 a6 9. Bc4 Qc7 10. O-O Be7 11. a4 Nc5 12. Bxc5 Qxc5 13. Nd2 O-O 14. Bd5 Rb8
15. a5 Be6 16. Nb3 Qc7 17. Ra4 Qd7 18. Rb4 Rfc8 19. Rd1 Rc7 20. Rd2 Rbc8 21. f3
h5 22. g3 h4 23. Re2 Nh5 24. Kf2 hxg3+ 25. hxg3 Bh4 26. Bxe6 Qxe6 27. Nd5 Bxg3+
28. Kg1 Nf4 29. Nxf4 Bxf4 30. Rg2 Qh6 31. Re2 0-1

[Event "13th Rochefort Tournament - Masters 2014"]
[Site "Palais des Congres Rochefort"]
[Date "2014.02.22"]
[Round "9.10"]
[White "Raghavi, N."]
[Black "Brunello, Marina"]
[Result "1/2-1/2"]
[WhiteElo "2213"]
[BlackElo "2261"]
[PlyCount "139"]

1. e4 c5 2. Nf3 d6 3. Bb5+ Nd7 4. O-O a6 5. Bd3 Ngf6 6. c3 b5 7. Bc2 c4 8. a4
Bb7 9. axb5 axb5 10. Rxa8 Qxa8 11. Na3 Bxe4 12. Bxe4 Nxe4 13. Nxb5 Qa5 14. Na3
d5 15. d3 cxd3 16. Qxd3 e6 17. b4 Qb6 18. Be3 Qb7 19. Bd4 Ndf6 20. Nb5 Nd6 21.
Nxd6+ Bxd6 22. Bxf6 gxf6 23. Nd4 Qb8 24. Qh3 Qc8 25. f4 f5 26. Kh1 Qc4 27. Re1
Bxb4 28. cxb4 Qxd4 29. Qxf5 O-O 30. Qg5+ Qg7 31. Qe7 Qc3 32. Rf1 Qd3 33. Qg5+
Qg6 34. Qe5 Qg7 35. Qd6 Qd4 36. f5 Qd3 37. Kg1 Qe3+ 38. Kh1 Qd3 39. Qf4 e5 40.
Qg5+ Kh8 41. Qf6+ Kg8 42. Qg5+ Kh8 43. Qf6+ Kg8 44. Re1 Re8 45. Qg5+ Kh8 46.
Qf6+ Kg8 47. Qg5+ Kh8 48. h4 Qc3 49. Re3 Qa1+ 50. Kh2 e4 51. f6 Qe5+ 52. Kg1
Qxg5 53. hxg5 h6 54. Rh3 Rb8 55. Rxh6+ Kg8 56. Kf2 Rxb4 57. g6 fxg6 58. Rxg6+
Kf7 59. Rh6 Rb6 60. Ke3 Rxf6 61. Rh5 Rd6 62. Kd4 Ke6 63. g4 Kd7 64. g5 Ke6 65.
Rh6+ Ke7 66. Rh7+ Kf8 67. Ra7 Rd8 68. Rb7 Kg8 69. Ra7 Rd6 70. Rb7 1/2-1/2

[Event "13th Rochefort Tournament - Masters 2014"]
[Site "Palais des Congres Rochefort"]
[Date "2014.02.22"]
[Round "9.11"]
[White "Levesque, Thomas"]
[Black "Milchev, Nikolay"]
[Result "0-1"]
[WhiteElo "1959"]
[BlackElo "2465"]
[PlyCount "46"]

1. d4 Nf6 2. c4 c5 3. d5 e6 4. Nc3 exd5 5. cxd5 d6 6. e4 g6 7. g3 Bg7 8. Bg2
O-O 9. Nge2 Re8 10. Qc2 Na6 11. O-O Nc7 12. h3 b5 13. g4 b4 14. Nd1 Ba6 15. Be3
Nxe4 16. Bxe4 Bxe2 17. Rb1 Ba6 18. f3 Qh4 19. Nf2 Qg3+ 20. Kh1 Be5 21. f4 Bxf4
22. Bxf4 Qxf4 23. Kg2 Re5 0-1